000 00779nam a2200217Ii 4500
003 JO-AjNU
008 230605s9999||||xx |||||||||||||| ||und||
017 _a2006/7/1767
040 _aJO-AjNU
_bara
_erda
_cJO-AjNU
041 _aara
050 1 4 _aHD30.25.F33.2006
100 3 _aالفضل،مؤيد عبد الحسين,
_eauthor
_927713
245 0 0 _aالمنهج الكمي في ادارة الاعمال:نماذج قرار وتطبيقات عملية=Quantitative Approach to Management
250 _aط1
264 3 1 _aعمان:مؤسسة الوراق للنشر والتوزيع،2006
300 _a594ص
336 _atext
_btxt
_2rdacontent
337 _aunmediated
_bn
_2rdamedia
338 _avolume
_bnc
_2rdacarrier
650 4 _aادارة الاعمال
_927714
999 _aA10663
_c14231
_d14231